[Event "XXVII. Rhein-Main-Open, Gruppe A"]
[Site "Bad Homburg vor der Höhe"]
[Date "2025.06.18"]
[Round "1.26"]
[White "Mallmann, Bernd"]
[Black "Seidel, Andre"]
[Result "0-1"]
[WhiteElo "1855"]
[BlackElo "2136"]
[PlyCount "66"]
[GameId "535116226995"]
[EventDate "2025.06.18"]
[WhiteTeam "Schulschach IGS Trier e.V."]
[BlackTeam "SV Oberursel"]

1. c4 c6 2. d4 d5 3. Nf3 Nf6 4. Nc3 e6 5. g3 dxc4 6. Bg2 Nbd7 7. O-O Bd6 8. Qc2 O-O 9. Rd1 Qe7 10. Ng5 h6 11. Nge4 Bc7 12. Nd2 e5 13. d5 cxd5 14. Nxd5 Nxd5 15. Bxd5 Nb6 16. Bf3 Rb8 17. Nxc4 Nxc4 18. Qxc4 Be6 19. Qc3 Rfc8 20. Be3 Bd6 21. Qd3 Bc5 22. Bxc5 Rxc5 23. Qe3 b6 24. b4 Rcc8 25. Qxe5 Qxb4 26. Bd5 Bxd5 27. Rxd5 Re8 28. Qc7 Qb2 29. Rc1 Qxa2 30. Rd7 a5 31. Qa7 Rbc8 32. Rxc8 Qb1+ 33. Kg2 Qe4+ 0-1

[Event "XXVII. Rhein-Main-Open, Gruppe A"]
[Site "Bad Homburg vor der Höhe"]
[Date "2025.06.18"]
[Round "1.27"]
[White "Thomas, Tobias"]
[Black "Fischer, Frederik"]
[Result "1/2-1/2"]
[WhiteElo "2010"]
[BlackElo "1651"]
[PlyCount "68"]
[GameId "535116226996"]
[EventDate "2025.06.18"]
[WhiteTeam "SK Langen"]
[BlackTeam "SV Oberursel"]

1. e4 e5 2. Nf3 Nf6 3. Nc3 Nc6 4. d4 exd4 5. Nxd4 Nxe4 6. Nxe4 Qe7 7. f3 d5 8. Bb5 Bd7 9. Bxc6 bxc6 10. O-O dxe4 11. fxe4 O-O-O 12. Qe2 Qe5 13. Nb3 f5 14. Qa6+ Kb8 15. Be3 c5 16. Na5 Qxe4 17. Rae1 Qb4 18. Rd1 Bd6 19. Rd3 Qe4 20. Bf2 Ka8 21. Re1 Bc8 22. Qb5 Bd7 23. Qa6 Bc8 24. Qb5 Bd7 25. Qb3 Ba4 26. Qf7 Qb4 27. Nc4 Rhe8 28. c3 Rxe1+ 29. Bxe1 Qb5 30. Rd2 Qe8 31. Qxe8 Bxe8 32. Bg3 Bf7 33. Nxd6 cxd6 34. Rxd6 Rxd6 1/2-1/2

[Event "XXVII. Rhein-Main-Open, Gruppe A"]
[Site "Bad Homburg vor der Höhe"]
[Date "2025.06.18"]
[Round "1.28"]
[White "Schmitt, Clemens"]
[Black "Rosenberger, Frank"]
[Result "1/2-1/2"]
[WhiteElo "1881"]
[BlackElo "2077"]
[PlyCount "87"]
[GameId "535116226997"]
[EventDate "2025.06.18"]
[WhiteTeam "SV Bergwinkel"]
[BlackTeam "SK 1980 Gernsheim"]

1. c4 e6 2. Nc3 d5 3. e3 c6 4. Nf3 Nf6 5. d4 Nbd7 6. Qc2 Bd6 7. g4 Bb4 8. Bd2 Qe7 9. g5 Bxc3 10. bxc3 Ne4 11. Bc1 Nxg5 12. Nxg5 Qxg5 13. e4 Qg6 14. Bd3 dxc4 15. Bxc4 Qg2 16. Rf1 Nf6 17. e5 Ng4 18. Bf4 Nxh2 19. Bxh2 Qxh2 20. Qe4 Qh3 21. Bd3 f5 22. exf6 gxf6 23. Rh1 Qf5 24. Qe2 Qg5 25. Rh5 Qg1+ 26. Qf1 Qxf1+ 27. Kxf1 Kf7 28. Ke2 Bd7 29. Rah1 Ke7 30. Ke3 b6 31. c4 Rag8 32. Rxh7+ Rxh7 33. Rxh7+ Kd6 34. c5+ Kc7 35. Rf7 bxc5 36. dxc5 Rg5 37. Kd4 Rd5+ 38. Kc4 f5 39. f4 a5 40. a4 Kb8 41. Re7 Bc8 42. Re8 Rd7 43. Rh8 Kc7 44. Kc3 1/2-1/2

[Event "XXVII. Rhein-Main-Open, Gruppe A"]
[Site "Bad Homburg vor der Höhe"]
[Date "2025.06.18"]
[Round "1.29"]
[White "Özdemir, Ali Özden"]
[Black "Nagel, Matthias"]
[Result "1-0"]
[WhiteElo "2066"]
[BlackElo "1838"]
[PlyCount "127"]
[GameId "535116226998"]
[EventDate "2025.06.18"]
[WhiteTeam "SK Langen"]
[BlackTeam "SV 1920 Kelsterbach"]

1. e4 c5 2. Nf3 a6 3. c4 g6 4. d4 Bg7 5. Nc3 cxd4 6. Nxd4 Nc6 7. Be3 d6 8. Be2 Nf6 9. O-O O-O 10. Rc1 Bd7 11. f3 Qb6 12. Nf5 Qxb2 13. Nxg7 Kxg7 14. Rc2 Qa3 15. Qd2 Rfc8 16. Bb6 Ne5 17. Rb1 d5 18. cxd5 Qd6 19. Bd4 Rc4 20. f4 Rxd4 21. Qxd4 Nc6 22. Qf2 Nxe4 23. Nxe4 Qxd5 24. Bf3 Bf5 25. Rd1 Qa5 26. Rc5 Qb4 27. Ng3 Be6 28. f5 Bxa2 29. fxg6 hxg6 30. Ne4 Bb3 31. Qb2+ f6 32. Rb1 Qd4+ 33. Kh1 Qxb2 34. Rxb2 Nd4 35. Rc7 a5 36. Nd2 Nxf3 37. Nxb3 Ne5 38. Rxe7+ Kh6 39. Rxb7 a4 40. Na1 Rd8 41. Rb1 a3 42. Ra7 Rd3 43. Nc2 Nc4 44. Ra1 Rd2 45. Nxa3 Ne3 46. Nb5 f5 47. R7a2 Rd5 48. Nc3 Rc5 49. Nd1 Ng4 50. h3 Nf6 51. Nf2 Kh5 52. Ra5 Rc2 53. R1a2 Rc1+ 54. Kh2 Nd7 55. Rd5 Nf6 56. Rd6 Ne8 57. Re6 Nc7 58. Re5 Kh6 59. Rd2 Rc6 60. Rd7 Na6 61. h4 Rc2 62. Ree7 g5 63. Re6+ Kh5 64. Rh7# 1-0

[Event "XXVII. Rhein-Main-Open, Gruppe A"]
[Site "Bad Homburg vor der Höhe"]
[Date "2025.06.18"]
[Round "1.31"]
[White "Sreeramulu, Aarush"]
[Black "Held, Bernhard"]
[Result "1-0"]
[WhiteElo "2032"]
[BlackElo "1842"]
[PlyCount "69"]
[GameId "535116227000"]
[EventDate "2025.06.18"]
[WhiteTeam "SK Marburg 1931/72"]
[BlackTeam "SK 1908 Göggingen"]

1. d4 Nf6 2. c4 e6 3. Nc3 Bb4 4. Qc2 O-O 5. e4 d5 6. e5 Ne4 7. Bd3 f5 8. a3 Bxc3+ 9. bxc3 c5 10. Ne2 Nc6 11. O-O b6 12. Rb1 Na5 13. cxd5 exd5 14. f3 Ng5 15. Bxg5 Qxg5 16. f4 Qe7 17. c4 Qe6 18. cxd5 Qxd5 19. dxc5 Bb7 20. Ng3 Rac8 21. Nxf5 Kh8 22. Qe2 Qxc5+ 23. Kh1 Qxa3 24. Nd6 Rc7 25. Ra1 Qc5 26. Qh5 g6 27. Nxb7 Rxb7 28. Bxg6 Rg7 29. Be4 Qd4 30. Qe2 Rxf4 31. Rxf4 Qxa1+ 32. Rf1 Qxe5 33. Rf8+ Rg8 34. Rxg8+ Kxg8 35. Bxh7+ 1-0

[Event "XXVII. Rhein-Main-Open, Gruppe A"]
[Site "Bad Homburg vor der Höhe"]
[Date "2025.06.18"]
[Round "1.32"]
[White "Gundel, Julian"]
[Black "Mandalka, Justus"]
[Result "1-0"]
[WhiteElo "1785"]
[BlackElo "2076"]
[PlyCount "65"]
[GameId "535116227001"]
[EventDate "2025.06.18"]
[WhiteTeam "SV Königsspringer 1929 Großauhei"]
[BlackTeam "SK Bad Homburg 1927"]

1. Nf3 d5 2. b3 Nf6 3. Bb2 c5 4. e3 Nc6 5. d4 Bg4 6. Be2 e6 7. Nbd2 cxd4 8. Nxd4 Bxe2 9. Qxe2 Bd6 10. c4 O-O 11. cxd5 Nxd4 12. Bxd4 Nxd5 13. O-O Rc8 14. Nc4 Bc5 15. Bb2 Qg5 16. Kh1 f5 17. f4 Qe7 18. e4 Nf6 19. Bxf6 Rxf6 20. Rac1 Rcf8 21. e5 Rh6 22. Rc3 b5 23. Nd2 a6 24. Nf3 Rg6 25. Rfc1 Bb6 26. Rc6 Qb7 27. h3 Rh6 28. Ng5 Re8 29. Qf3 Qa7 30. Rc8 Bd8 31. Qc6 Kf8 32. Rd1 Qe7 33. Rd7 1-0

[Event "XXVII. Rhein-Main-Open, Gruppe A"]
[Site "Bad Homburg vor der Höhe"]
[Date "2025.06.18"]
[Round "1.33"]
[White "Klein, Levent"]
[Black "Moldenhauer, Lennart"]
[Result "1-0"]
[WhiteElo "2036"]
[BlackElo "1751"]
[PlyCount "47"]
[GameId "535116227002"]
[EventDate "2025.06.18"]
[WhiteTeam "SK Kaiserslautern 1905"]
[BlackTeam "SV Oberursel"]

1. d4 g6 2. c4 Bg7 3. Nc3 d6 4. Nf3 Bg4 5. g3 Bxf3 6. exf3 Nc6 7. Be3 Nh6 8. Bh3 Nf5 9. Bxf5 gxf5 10. Qd2 h6 11. f4 e6 12. d5 Ne7 13. O-O-O O-O 14. Rhe1 e5 15. fxe5 dxe5 16. Bxh6 f6 17. Bxg7 Kxg7 18. f4 e4 19. g4 fxg4 20. Nxe4 Rg8 21. Nc5 Kf7 22. Qe2 Qd6 23. Qe6+ Qxe6 24. dxe6+ 1-0

[Event "XXVII. Rhein-Main-Open, Gruppe A"]
[Site "Bad Homburg vor der Höhe"]
[Date "2025.06.18"]
[Round "1.34"]
[White "Gao, Chenzhuo"]
[Black "McAdam, Mark"]
[Result "1-0"]
[WhiteElo "1707"]
[BlackElo "2008"]
[PlyCount "129"]
[GameId "535116227003"]
[EventDate "2025.06.18"]
[WhiteTeam "SC Rotenburg"]
[BlackTeam "SC Brett vorm Kopp Ffm"]

1. d4 Nf6 2. Nf3 e6 3. Bf4 c5 4. e3 Nc6 5. Nbd2 d5 6. c3 Bd6 7. Bg3 O-O 8. Bd3 Re8 9. Ne5 Qc7 10. f4 Rb8 11. Bh4 Be7 12. O-O b5 13. g4 Nd7 14. Bxe7 Nxe7 15. g5 Nf5 16. Rf3 f6 17. Nxd7 Qxd7 18. gxf6 gxf6 19. Bxf5 exf5 20. Nb3 cxd4 21. Rg3+ Kh8 22. Qxd4 Qe7 23. Nc5 Be6 24. Kf2 Rg8 25. Rag1 Rg4 26. h3 Rxg3 27. Rxg3 Rg8 28. Nxe6 Qxe6 29. Qxa7 Qe4 30. Rxg8+ Kxg8 31. Qb8+ Kg7 32. Qxb5 Kh6 33. Qe2 Qh1 34. Qf1 Qe4 35. Qd1 Kg6 36. a4 Qc4 37. h4 Qa2 38. Qc2 Qa1 39. h5+ Kg7 40. Kg2 Qe1 41. a5 Qxe3 42. a6 Qb6 43. Qe2 Kh6 44. b4 d4 45. cxd4 Qxb4 46. Qd3 Qb2+ 47. Kg3 Qa1 48. Kf3 Qh1+ 49. Ke3 Qe1+ 50. Qe2 Qc3+ 51. Kf2 Qxd4+ 52. Qe3 Qb2+ 53. Kg3 Qa2 54. a7 Qg8+ 55. Kh3 Qg4+ 56. Kh2 Qh4+ 57. Kg1 Qg4+ 58. Kf2 Qg8 59. Qa3 Qa8 60. Qe7 Kxh5 61. Qxh7+ Kg4 62. Qg6+ Kh4 63. Qxf6+ Kh3 64. Qxf5+ Kh4 65. Qg5+ 1-0

[Event "XXVII. Rhein-Main-Open, Gruppe A"]
[Site "Bad Homburg vor der Höhe"]
[Date "2025.06.18"]
[Round "1.35"]
[White "Kuhn, Gerhard"]
[Black "Kupke, Jonas"]
[Result "1-0"]
[WhiteElo "2033"]
[BlackElo "1807"]
[PlyCount "71"]
[GameId "535116227004"]
[EventDate "2025.06.18"]
[WhiteTeam "SK Marburg 1931/72"]
[BlackTeam "Wiesbadener SV 1885"]

1. e4 d5 2. exd5 Nf6 3. d4 Bg4 4. f3 Bf5 5. Bb5+ Nbd7 6. c4 a6 7. Ba4 b5 8. cxb5 axb5 9. Bxb5 Nxd5 10. Bd3 Bxd3 11. Qxd3 e6 12. Nc3 Nb4 13. Qd1 Bd6 14. Nge2 Qh4+ 15. g3 Qh3 16. Kf2 e5 17. Be3 O-O 18. a3 Nc6 19. Ne4 Be7 20. d5 Na5 21. Rc1 Rfb8 22. b4 Nb7 23. Qd3 Nd6 24. Nxd6 Bxd6 25. Rc4 e4 26. Rxe4 Ne5 27. Qc3 Qf5 28. Nd4 Qf6 29. Rf4 Qg6 30. Rd1 Ra6 31. Nf5 Qh5 32. Kg2 Rxb4 33. axb4 g5 34. g4 Ra2+ 35. Rd2 Nxg4 36. fxg4 1-0

[Event "XXVII. Rhein-Main-Open, Gruppe A"]
[Site "Bad Homburg vor der Höhe"]
[Date "2025.06.18"]
[Round "1.36"]
[White "Börsch, Dieter"]
[Black "Jonnek, Thomas"]
[Result "0-1"]
[WhiteElo "1800"]
[BlackElo "2040"]
[PlyCount "118"]
[GameId "535116227005"]
[EventDate "2025.06.18"]
[WhiteTeam "SK Bad Homburg 1927"]
[BlackTeam "SF Bremer Osten Bürgerhaus Mahnd"]

1. d4 d6 2. c4 e5 3. dxe5 dxe5 4. Qxd8+ Kxd8 5. Nf3 f6 6. Nc3 Be6 7. e3 Nd7 8. Be2 c6 9. O-O Nh6 10. Rd1 Kc7 11. a3 a5 12. b3 Be7 13. Bb2 Nf7 14. Ne1 Nc5 15. b4 Nb3 16. Rab1 axb4 17. axb4 Bxb4 18. Nc2 Be7 19. Ba3 Nc5 20. Bb4 Rhe8 21. Rb2 Na4 22. Nxa4 Rxa4 23. c5 Rea8 24. Rdb1 Bf5 25. Bd1 Ra2 26. Kf1 Nd8 27. Rxa2 Rxa2 28. Rc1 Ne6 29. Na3 Bd3+ 30. Ke1 Kd7 31. Rc3 Ba6 32. Bc2 Nc7 33. e4 Ne6 34. Nc4 Bxc5 35. Bxc5 Nxc5 36. Nxe5+ fxe5 37. Rxc5 Kd6 38. Rc3 c5 39. Kd2 b5 40. Kc1 b4 41. Kb1 Ra5 42. Rg3 c4 43. Rxg7 b3 44. Rxh7 Ra2 45. Bd1 Rd2 46. Rh6+ Kc5 47. Bxb3 cxb3 48. Rxa6 Rxf2 49. Ra8 Rxg2 50. Rb8 Kc4 51. Rc8+ Kd3 52. Rb8 b2 53. Rxb2 Rg1+ 54. Ka2 Kxe4 55. Rb3 Kf4 56. h4 e4 57. h5 e3 58. h6 e2 59. h7 Rh1 0-1

[Event "XXVII. Rhein-Main-Open, Gruppe A"]
[Site "Bad Homburg vor der Höhe"]
[Date "2025.06.18"]
[Round "1.37"]
[White "Fucik, Timo"]
[Black "Rohatgi, Kushagra"]
[Result "1/2-1/2"]
[WhiteElo "1940"]
[BlackElo "1771"]
[PlyCount "75"]
[GameId "535116227006"]
[EventDate "2025.06.18"]
[WhiteTeam "SK 1926 Ettlingen"]
[BlackTeam "SAbt TuS Makkabi Ffm"]

1. d4 d5 2. c4 e6 3. Nc3 Nf6 4. cxd5 exd5 5. Bg5 Nbd7 6. Nf3 c6 7. e3 Be7 8. Bd3 O-O 9. Qc2 Re8 10. O-O h6 11. Bh4 Ne4 12. Bxe7 Qxe7 13. Rfe1 f5 14. Re2 Rf8 15. Rae1 Qf7 16. Nd2 Qh5 17. f3 Nxd2 18. Rxd2 Nf6 19. Ne2 Ne8 20. Ng3 Qf7 21. e4 dxe4 22. fxe4 f4 23. Rf1 Qc7 24. e5 Be6 25. Ne4 Rd8 26. Nc5 Bd5 27. Bf5 Qe7 28. Bh7+ Kh8 29. Be4 b6 30. Bxd5 bxc5 31. Bxc6 cxd4 32. Qe4 Qc5 33. g3 fxg3 34. Rxf8+ Qxf8 35. hxg3 Qc5 36. Rc2 Qb6 37. Qd3 Qa5 38. Bxe8 1/2-1/2

[Event "XXVII. Rhein-Main-Open, Gruppe A"]
[Site "Bad Homburg vor der Höhe"]
[Date "2025.06.18"]
[Round "1.39"]
[White "Novak, Volker"]
[Black "Liu, Jonas"]
[Result "1-0"]
[WhiteElo "2096"]
[BlackElo "1645"]
[PlyCount "137"]
[GameId "535116227008"]
[EventDate "2025.06.18"]
[WhiteTeam "SK Bad Homburg 1927"]
[BlackTeam "SV Oberursel"]

1. c4 Nf6 2. Nc3 g6 3. e4 d6 4. d4 Bg7 5. Be2 O-O 6. Nf3 e5 7. O-O Nbd7 8. Qc2 exd4 9. Nxd4 Re8 10. Rd1 Nc5 11. f3 a5 12. Bg5 h6 13. Bh4 c6 14. Rac1 Qc7 15. Qd2 Kh7 16. Nc2 Re6 17. Bg3 Qb6 18. Bf2 Qc7 19. Bf1 Nfd7 20. Nd4 Re8 21. b3 h5 22. Be3 Ne5 23. Qf2 Ne6 24. Nde2 Bh6 25. Bxh6 Kxh6 26. Rc2 Kg7 27. Rcd2 Rd8 28. h3 g5 29. Ng3 Nf4 30. Nce2 Neg6 31. Nxf4 Nxf4 32. e5 d5 33. Qe3 Qe7 34. h4 Kf8 35. cxd5 Rxd5 36. Rxd5 cxd5 37. Ne2 Ng6 38. Qxg5 Qc5+ 39. Kh2 Qf2 40. Qg3 Qxg3+ 41. Kxg3 Be6 42. f4 Rc8 43. Rc1 Rxc1 44. Nxc1 Bg4 45. Be2 Bxe2 46. Nxe2 Ke7 47. Nd4 f6 48. Nf5+ Ke6 49. Ng7+ Kf7 50. Nxh5 fxe5 51. fxe5 Nxe5 52. Nf4 d4 53. Ne2 d3 54. Nc3 Ke6 55. Kf4 d2 56. Ke3 Kf5 57. Kxd2 Kg4 58. Ke3 Kxh4 59. Ne2 Kg4 60. Kd4 Nc6+ 61. Kc5 Nb4 62. a4 Nc2 63. Kb6 Na1 64. Nc1 Kg3 65. Kxa5 Kxg2 66. Kb6 Kf3 67. Kxb7 Ke4 68. a5 Kd5 69. a6 1-0

[Event "XXVII. Rhein-Main-Open, Gruppe A"]
[Site "Bad Homburg vor der Höhe"]
[Date "2025.06.18"]
[Round "1.40"]
[White "Fallouh, Philippe"]
[Black "Schmidt, Kai-Uwe"]
[Result "1-0"]
[WhiteElo "1778"]
[BlackElo "1989"]
[PlyCount "47"]
[GameId "535116227009"]
[EventDate "2025.06.18"]
[WhiteTeam "SK Bad Homburg 1927"]
[BlackTeam "SC Pirmasens 1912"]

1. d4 Nf6 2. e3 g6 3. Bd3 Bg7 4. c3 O-O 5. f4 d6 6. Nf3 Nc6 7. O-O e5 8. e4 exd4 9. cxd4 d5 10. e5 Ne4 11. Nc3 Bf5 12. Qe2 Nxc3 13. bxc3 Bxd3 14. Qxd3 Qd7 15. Ba3 Rfe8 16. Rab1 b6 17. f5 Na5 18. f6 Bh6 19. Bc1 Bxc1 20. Rbxc1 h6 21. Nh4 Rf8 22. Nxg6 fxg6 23. Qxg6+ Kh8 24. f7 1-0

[Event "XXVII. Rhein-Main-Open, Gruppe A"]
[Site "Bad Homburg vor der Höhe"]
[Date "2025.06.18"]
[Round "1.41"]
[White "Spiegelberg, Silvia"]
[Black "Gärtner, Johannes"]
[Result "1-0"]
[WhiteElo "1976"]
[BlackElo "1735"]
[PlyCount "89"]
[GameId "535116227010"]
[EventDate "2025.06.18"]
[WhiteTeam "SF Sasbach e.V."]
[BlackTeam "Sfr.Mainz 1928"]

1. e4 e6 2. d4 d5 3. Nd2 Nf6 4. Bd3 c5 5. c3 Nc6 6. e5 Nd7 7. Ngf3 Qb6 8. O-O cxd4 9. cxd4 Nxd4 10. Nxd4 Qxd4 11. Nf3 Qb6 12. Qa4 g6 13. Qf4 Bg7 14. Re1 O-O 15. Qh4 Qd8 16. Qh3 f6 17. Qxe6+ Kh8 18. Qxd5 Nxe5 19. Be4 Qxd5 20. Bxd5 Rd8 21. Be4 f5 22. Nxe5 Bxe5 23. Bf3 Bf6 24. g3 Bd7 25. Rb1 Bb5 26. Be3 Bd3 27. Rbc1 Bxb2 28. Rc7 Ba6 29. Bxb7 Be5 30. Re7 Bxb7 31. Rxb7 a5 32. Bg5 Re8 33. Kg2 Bg7 34. Rd1 h6 35. Rdd7 hxg5 36. Rxg7 Ra6 37. Rgd7 g4 38. h3 gxh3+ 39. Kxh3 Kg8 40. Kh4 Re4+ 41. f4 Re8 42. Kg5 Kf8 43. Rg7 Re3 44. Kh6 g5+ 45. Kh7 1-0

[Event "XXVII. Rhein-Main-Open, Gruppe A"]
[Site "Bad Homburg vor der Höhe"]
[Date "2025.06.18"]
[Round "1.43"]
[White "Busch, Lorenz"]
[Black "Papadopoulos, Kyriakos"]
[Result "1-0"]
[WhiteElo "1972"]
[BlackElo "1726"]
[PlyCount "37"]
[GameId "535116227012"]
[EventDate "2025.06.18"]
[WhiteTeam "SC Bellheim"]
[BlackTeam "VSG 1880 Offenbach"]

1. e4 e5 2. Nf3 Nc6 3. d4 exd4 4. Bc4 Nf6 5. O-O Bc5 6. e5 Ng4 7. h3 Nh6 8. Bg5 Be7 9. Bf4 g5 10. Bg3 Nf5 11. c3 dxc3 12. Nxc3 h5 13. Ne4 Rg8 14. Qd5 Rg7 15. Rae1 b6 16. Nf6+ Kf8 17. Nxg5 Bxf6 18. exf6 Rxg5 19. Qxf7# 1-0

[Event "XXVII. Rhein-Main-Open, Gruppe A"]
[Site "Bad Homburg vor der Höhe"]
[Date "2025.06.18"]
[Round "1.44"]
[White "Köhlich, Viktor"]
[Black "Calvi, Stefan"]
[Result "0-1"]
[WhiteElo "1774"]
[BlackElo "1968"]
[PlyCount "88"]
[GameId "535116227013"]
[EventDate "2025.06.18"]
[WhiteTeam "SC Matt im Park Ffm"]
[BlackTeam "SV Oberursel"]

1. d4 Nf6 2. Nf3 e6 3. Bf4 c5 4. e3 Qb6 5. Nc3 cxd4 6. Nxd4 Bb4 7. a3 Bxc3+ 8. bxc3 a6 9. Rb1 Qa5 10. Rb3 d5 11. Bd3 O-O 12. O-O Nbd7 13. Bd6 Re8 14. c4 Nc5 15. Bxc5 Qxc5 16. cxd5 e5 17. Ne2 e4 18. Rc3 Qxd5 19. Bc4 Qxd1 20. Rxd1 Bg4 21. h3 Bxe2 22. Bxe2 Rac8 23. Rxc8 Rxc8 24. c4 Kf8 25. Rd4 Rc5 26. Rd8+ Ke7 27. Rb8 Rc7 28. Bg4 Nxg4 29. hxg4 Kd6 30. Rd8+ Rd7 31. Re8 Re7 32. Rd8+ Kc5 33. Rc8+ Kb6 34. c5+ Kb5 35. Kf1 a5 36. Ke2 Ka4 37. Ra8 Rc7 38. Re8 Kxa3 39. Rxe4 a4 40. Kd3 Kb3 41. Kd2 a3 42. Rd4 a2 43. Rd3+ Kb4 44. Rd4+ Kb5 0-1

[Event "XXVII. Rhein-Main-Open, Gruppe A"]
[Site "Bad Homburg vor der Höhe"]
[Date "2025.06.18"]
[Round "1.45"]
[White "von Auer, Ulrich"]
[Black "Holschuh, Elias"]
[Result "1-0"]
[WhiteElo "1980"]
[BlackElo "1746"]
[PlyCount "65"]
[GameId "535116227014"]
[EventDate "2025.06.18"]
[WhiteTeam "SV Oberursel"]
[BlackTeam "SV Worms 1878"]

1. d4 Nf6 2. c4 e6 3. Nc3 d5 4. cxd5 exd5 5. Bg5 Be7 6. e3 h6 7. Bh4 Bf5 8. Qb3 Qc8 9. Bxf6 Bxf6 10. Nxd5 Bd8 11. Bc4 O-O 12. Nc3 Nc6 13. Qd1 Re8 14. Nf3 Bf6 15. O-O g6 16. Rc1 Bg4 17. h3 Bf5 18. Re1 g5 19. e4 Bd7 20. e5 Bg7 21. Ne4 Bf5 22. Bb5 Bd7 23. Bd3 Qd8 24. Nc5 Bc8 25. Bc4 Na5 26. Bb5 c6 27. Bd3 b6 28. Ne4 Be6 29. Nd6 Re7 30. b4 Nb7 31. Rxc6 Bxa2 32. Be4 Rb8 33. Nf5 1-0

[Event "XXVII. Rhein-Main-Open, Gruppe A"]
[Site "Bad Homburg vor der Höhe"]
[Date "2025.06.18"]
[Round "1.46"]
[White "Marchese, Gaspare"]
[Black "Faqiry, Ramat"]
[Result "1-0"]
[WhiteElo "1869"]
[BlackElo "1985"]
[PlyCount "75"]
[GameId "535116227015"]
[EventDate "2025.06.18"]
[WhiteTeam "SC Matt im Park Ffm"]
[BlackTeam "SK Bad Homburg 1927"]

1. e4 c5 2. Be2 g6 3. f4 d6 4. Nf3 Bg7 5. O-O Nf6 6. d3 Nc6 7. c3 O-O 8. Qe1 c4 9. Kh1 cxd3 10. Bxd3 h6 11. Qh4 d5 12. e5 Ne4 13. Nbd2 Bf5 14. Be2 f6 15. Nb3 fxe5 16. fxe5 g5 17. Qe1 Nxe5 18. Nfd4 e6 19. Be3 Qe7 20. Nxf5 exf5 21. Bd4 g4 22. Nd2 Qg5 23. Rd1 Kh8 24. Nxe4 dxe4 25. Bc5 Rf7 26. Rd5 b6 27. Bd6 Re8 28. Qd1 h5 29. Qb3 Qg6 30. Qb5 Qe6 31. Rfd1 Nd3 32. Bxd3 exd3 33. Qxd3 Rd7 34. Kg1 Kg8 35. g3 Red8 36. c4 Bf8 37. Bxf8 Rxd5 38. cxd5 1-0

[Event "XXVII. Rhein-Main-Open, Gruppe A"]
[Site "Bad Homburg vor der Höhe"]
[Date "2025.06.18"]
[Round "1.47"]
[White "Pradeep, Harshill"]
[Black "Kuckel, Michael"]
[Result "1-0"]
[WhiteElo "1936"]
[BlackElo "1744"]
[PlyCount "45"]
[GameId "535116227016"]
[EventDate "2025.06.18"]
[WhiteTeam "SK Bickenbach"]
[BlackTeam "SC Matt im Park Ffm"]

1. e4 c6 2. d4 d5 3. e5 Bf5 4. Nd2 e6 5. Nb3 Nd7 6. Nf3 c5 7. dxc5 Ne7 8. Bb5 Nc6 9. Be3 Qc7 10. Bxc6 bxc6 11. Bd4 Nxc5 12. Nxc5 Bxc5 13. Bxc5 Qa5+ 14. b4 Qa4 15. c3 Qa6 16. Nd4 Bd3 17. a4 Bc4 18. Qg4 O-O-O 19. Qxg7 Qb7 20. b5 Rhg8 21. Qxh7 Rxg2 22. Nxc6 Rdg8 23. Ne7+ 1-0

[Event "XXVII. Rhein-Main-Open, Gruppe A"]
[Site "Bad Homburg vor der Höhe"]
[Date "2025.06.18"]
[Round "1.48"]
[White "Rotärmel, Leonie"]
[Black "Martin, Reiner"]
[Result "1/2-1/2"]
[WhiteElo "1699"]
[BlackElo "1969"]
[PlyCount "62"]
[GameId "535116227017"]
[EventDate "2025.06.18"]
[WhiteTeam "SK Bad Homburg 1927"]
[BlackTeam "SC Bad Soden"]

1. e4 d6 2. d4 Nf6 3. Nc3 e5 4. dxe5 dxe5 5. Qxd8+ Kxd8 6. Bg5 Be6 7. Nf3 Nbd7 8. O-O-O Kc8 9. Bxf6 gxf6 10. Kb1 Bc5 11. Rd2 Bb4 12. Rd3 Nc5 13. Re3 Bxc3 14. bxc3 Rd8 15. Bd3 Rd6 16. Nd2 Na4 17. c4 Kd7 18. Nb3 c5 19. Rg3 h5 20. h4 b5 21. Nd2 b4 22. Ka1 Ra6 23. Nb1 Rb8 24. Rd1 Ke7 25. Be2 Nb6 26. Nd2 Na4 27. Nb1 Ra5 28. Rb3 Nb6 29. Nd2 Rd8 30. Rd3 Rc8 31. Rb3 Rd8 1/2-1/2

[Event "XXVII. Rhein-Main-Open, Gruppe A"]
[Site "Bad Homburg vor der Höhe"]
[Date "2025.06.18"]
[Round "1.49"]
[White "Gries, Volker"]
[Black "Ringsdorf, Bastian"]
[Result "1-0"]
[WhiteElo "2016"]
[BlackElo "1613"]
[PlyCount "99"]
[GameId "535116227018"]
[EventDate "2025.06.18"]
[WhiteTeam "SV Oberursel"]

1. e4 c5 2. Nf3 d6 3. d4 cxd4 4. Qxd4 Nf6 5. Nc3 Nc6 6. Bb5 Bd7 7. Bxc6 Bxc6 8. Bg5 e5 9. Qd3 Be7 10. O-O-O Bxe4 11. Nxe4 Nxe4 12. Bxe7 Nxf2 13. Bxd8 Nxd3+ 14. Rxd3 Rxd8 15. Rd5 Ke7 16. Rhd1 h6 17. Nd2 Rd7 18. Nc4 Rhd8 19. b3 f5 20. g3 Ke6 21. a4 g5 22. a5 f4 23. gxf4 gxf4 24. a6 b6 25. Nb2 e4 26. Rh5 Rh7 27. Rf1 Rf8 28. Kd2 d5 29. c3 Rf5 30. Rh4 Ke5 31. Rg4 h5 32. Rg8 Rd7 33. Re8+ Kd6 34. Ke2 Rg7 35. Nd1 Rg2+ 36. Rf2 f3+ 37. Ke1 Rf7 38. Ne3 Rg1+ 39. Kd2 Ra1 40. Rd8+ Kc6 41. Nxd5 Rg7 42. Rg8 Ra2+ 43. Ke3 Rxf2 44. Kxf2 Rg2+ 45. Rxg2 fxg2 46. Nb4+ Kd6 47. Kxg2 Ke5 48. Kf2 Kf4 49. Nd5+ Ke5 50. Nxb6 1-0

[Event "XXVII. Rhein-Main-Open, Gruppe A"]
[Site "Bad Homburg vor der Höhe"]
[Date "2025.06.18"]
[Round "1.50"]
[White "Glavev, Danail"]
[Black "Griesfeller, Sven"]
[Result "1/2-1/2"]
[WhiteElo "1655"]
[BlackElo "1875"]
[PlyCount "59"]
[GameId "535116227019"]
[EventDate "2025.06.18"]
[WhiteTeam "SK Bad Homburg 1927"]
[BlackTeam "Schachdrachen Büdingen-Wächtersb"]

1. e4 e5 2. Nf3 Nc6 3. d4 exd4 4. Bc4 Bc5 5. c3 Nf6 6. e5 d5 7. Bb5 Ne4 8. cxd4 Bb6 9. Nc3 O-O 10. O-O Bg4 11. Be3 f6 12. Nxe4 dxe4 13. Qb3+ Kh8 14. Bxc6 bxc6 15. Nd2 f5 16. f4 Bxd4 17. Rfe1 Rb8 18. Bxd4 Rxb3 19. Nxb3 a6 20. Rac1 Qd7 21. Rc5 Rb8 22. Be3 Bh5 23. Rc2 Bf7 24. Nd4 Bxa2 25. b3 Rxb3 26. Nxb3 Bxb3 27. Rd2 Bd5 28. Rb1 h6 29. Bc5 Qe6 30. Be3 1/2-1/2

[Event "XXVII. Rhein-Main-Open, Gruppe A"]
[Site "Bad Homburg vor der Höhe"]
[Date "2025.06.18"]
[Round "1.51"]
[White "Krychevskiy, Dmytro"]
[Black "Boscher, Hans"]
[Result "1-0"]
[WhiteElo "1942"]
[BlackElo "1741"]
[PlyCount "51"]
[GameId "535116227020"]
[EventDate "2025.06.18"]
[WhiteTeam "SV Oberursel"]
[BlackTeam "SC Bad Soden"]

1. e4 e6 2. Nf3 d5 3. e5 c5 4. b4 cxb4 5. a3 Nc6 6. axb4 Bxb4 7. c3 Be7 8. d4 Qc7 9. Bd3 Bd7 10. O-O f5 11. exf6 Nxf6 12. Qe2 O-O 13. Ng5 e5 14. Qa2 h6 15. Ne4 Kh8 16. Nxf6 Bxf6 17. Qxd5 Ne7 18. Qf3 exd4 19. Re1 Bc6 20. Qh5 Be8 21. Qh3 Bd7 22. g4 Qc8 23. Bxh6 Kg8 24. Bxg7 Bxg7 25. Bh7+ Kf7 26. Qh5+ 1-0

[Event "XXVII. Rhein-Main-Open, Gruppe A"]
[Site "Bad Homburg vor der Höhe"]
[Date "2025.06.18"]
[Round "1.52"]
[White "Deniz, Ata Gökay"]
[Black "von Wahden, Jens"]
[Result "0-1"]
[WhiteElo "1791"]
[BlackElo "1952"]
[PlyCount "48"]
[GameId "535116227021"]
[EventDate "2025.06.18"]
[WhiteTeam "SVG Lauterbach"]
[BlackTeam "SV Oberursel"]

1. c4 Nf6 2. Nc3 e6 3. Nf3 d5 4. cxd5 exd5 5. d4 c6 6. Bg5 Be7 7. e3 O-O 8. Bd3 Nbd7 9. O-O Re8 10. Re1 Ne4 11. Bxe4 Bxg5 12. Bd3 Be7 13. Rc1 Nf8 14. Qb3 Bd6 15. h3 g5 16. e4 Bf4 17. Rcd1 g4 18. hxg4 Bxg4 19. exd5 Bxf3 20. Rxe8 Qg5 21. Rxf8+ Rxf8 22. Kf1 Qxg2+ 23. Ke1 Qg1+ 24. Bf1 Re8+ 0-1